000 00643nam a2200157 i 4500
001 126548
003 ES-MaACL
005 20230906192835.0
007 t|
008 070214m18561858po r ||||1| por d
245 0 0 _aCollecção dos tratados, convenções, contratos e actos publicos celebrados entre a Coroa de Portugal e as mais potencias desde 1640 até ao presente /
_ccompilados, coordenados e annotados por José Ferreira Borges de Castro.
260 _aLisboa :
_bImprensa Nacional,
_c1856-1858.
300 _a8 v. ;
_c22 cm.
600 1 4 _aCastro, José Ferreira Borges de.
_9160143
852 _aES-MaACL
_jR-2736-43
_xOlim:F-14469-76
999 _c126548
_d126548